000 01364nam0a2200313 4500
001 RU\NLR\bibl\470907
005 20260406163705.0
010 _a5-8392-0229-0
_91000
021 _aRU
_b2003-60961
_92983
035 _a(NLR Aleph) 000464101
090 _a952325
_c952325
100 _a20031210d2003 |||y0rusy50 ca
101 0 _arus
102 _aRU
105 _aa |||||||||
200 1 _aЖизнь Петра Ильича Чайковского
_fА.Е. Будяковский
_gРед. Е.А. Будяковской и С.В. Фролова
_gПримеч. С.В. Фролова
_g[Филармон. о-во Санкт-Петербурга]
210 _aСПб.
_cКультИнформПресс
_d2003
215 _a351 с.
_cил., портр.
_d17
320 _aБиблиогр. в примеч.: с. 316-334
320 _aУказ. имен: с. 335-351
600 1 _aЧайковский
_bП. И.
_f1840 - 1893
_gПетр Ильич
_9988650
_3RU\NLR\auth\66373114
686 _aЩ313(2Р=Рус)51-81Чайковский
700 1 _aБудяковский
_bА. Е.
_gАндрей Евгеньевич
_4070
702 1 _4570
_8rus
_7ca
_aЧайковский
_bП. И.
_f1840-1893
_gПетр Ильич
_3RU\NLR\auth\7710326
_9120104
801 0 _aRU
_bNLR
_c20031210
_gPSBO
801 1 _aRU
_bNLR
_c20031210
942 _cBOOK
980 _aNB